000 00471nam a22001697a 4500
999 _c160478
_d160478
005 20190130160855.0
010 _aB-091426
020 _a8176484490
_c795.00
035 _aB-091426
037 _bAPH Publishing Corporation
082 _a954.8
100 _aReddy, L.R.
245 _aSri Lanka past and present /
_cL.R. Reddy
260 _aNew Delhi
_bAPH Publishing Corporation
_c2003
300 _a382p.
_c22cm(hbk)
942 _2ddc
_cEN
_h954.8
_mRED